| 000 | 00396nam a2200145 a 4500 | ||
|---|---|---|---|
| 001 | 125 | ||
| 003 | CDMR | ||
| 005 | 20130724102915.0 | ||
| 008 | 130130s2001||||||||||||||||||||||||||||d | ||
| 040 |
_aCDMR _bcat _cCPC LLEIDA |
||
| 110 | 1 |
_9101 _aEspaƱa _b -- Ministerio de Presidencia |
|
| 245 | 1 | 0 | _aAgenda de la Comunicación 2001 |
| 260 |
_aMadrid _c2001 _bMinisterio de la Presidencia |
||
| 942 |
_cMON _2udc |
||
| 999 |
_c125 _d125 |
||